| 000 | 01589nam a2200409 a 4500 | ||
|---|---|---|---|
| 001 | ebr10505561 | ||
| 003 | CaPaEBR | ||
| 006 | m u | ||
| 007 | cr cn||||||||| | ||
| 008 | 010524s2001 caua sb 000 0 eng d | ||
| 010 | _z 2001034956 | ||
| 020 | _z0833030272 | ||
| 020 | _z9780833030276 | ||
| 020 | _z9780833032430 (e-book) | ||
| 040 |
_aCaPaEBR _cCaPaEBR |
||
| 035 | _a(OCoLC)50869627 | ||
| 043 | _an-us--- | ||
| 050 | 1 | 4 |
_aNX230 _b.M37 2001eb |
| 082 | 0 | 4 |
_a700/.973 _221 |
| 100 | 1 |
_aMcCarthy, Kevin F., _d1945- |
|
| 245 | 1 | 2 |
_aA new framework for building participation in the arts _h[electronic resource] / _cKevin F. McCarthy, Kimberly Jinnett. |
| 246 | 3 | 0 | _aBuilding participation in the arts |
| 260 |
_aSanta Monica, Calif. : _bRAND, _cc2001. |
||
| 300 |
_axv, 112 p. : _bill. |
||
| 500 | _a"MR-1323." | ||
| 500 | _a"Supported by the Wallace-Reader's Digest Funds." | ||
| 504 | _aIncludes bibliographical references (p. 109-112). | ||
| 533 |
_aElectronic reproduction. _bPalo Alto, Calif. : _cebrary, _d2011. _nAvailable via World Wide Web. _nAccess may be limited to ebrary affiliated libraries. |
||
| 650 | 0 |
_aArts _zUnited States _xCitizen participation. |
|
| 650 | 0 |
_aArts facilities _xSocial aspects _zUnited States. |
|
| 650 | 0 |
_aArts surveys _zUnited States. |
|
| 655 | 7 |
_aElectronic books. _2local |
|
| 700 | 1 | _aJinnett, Kimberly. | |
| 710 | 2 | _aWallace-Reader's Digest Funds. | |
| 710 | 2 | _aebrary, Inc. | |
| 856 | 4 | 0 |
_uhttp://site.ebrary.com/lib/rucke/Doc?id=10505561 _zAn electronic book accessible through the World Wide Web; click to view |
| 999 |
_c219955 _d219955 |
||